000 00319nam a22001457a 4500
003 ASAB
005 20180827062644.0
008 131204t xxu||||| |||| 00| 0 eng d
022 _2978-1-4051-3603-7
040 _cAsab
100 _aBharat Singh
_9384
245 _aImmunology
300 _a406 P.
942 _2ddc
_cBK
999 _c480143
_d480143